Vista normal
Vista MARC
Entrada Personal Name
Número de registros utilizados en: 1
001 - CONTROL NUMBER
- control field: 734
003 - CONTROL NUMBER IDENTIFIER
- control field: OSt
005 - DATE AND TIME OF LATEST TRANSACTION
- control field: 20110811081141.0
008 - FIXED-LENGTH DATA ELEMENTS
- fixed length control field: 110811|||a|||||| | ||| d
040 ## - CATALOGING SOURCE
- Original cataloging agency: OSt
- Transcribing agency: OSt
100 ## - HEADING--PERSONAL NAME
- Personal name: Meneghello R., Julio.
670 ## - SOURCE DATA FOUND
- Source citation: Work cat.: (OSt)828: Meneghello R., Julio., Pediatría. 1., 1985.